000 00468nam a2200181Ia 4500
005 20240913125946.0
008 240913s9999||||xx |||||||||||||| ||und||
041 _aENGLISH
082 _A006.454 Q3
100 _aShaila D Apte
245 0 _aSpeech and Audio Processing
250 _a1st
260 _c2013
_bWiley India Pvt.
500 _aREFERENCE
650 _aAudiology Speech and Language Pathology
_bAllied Health Science
942 _cREF
999 _c246646
_d246646